Powiaty morskie i graniczne - Statystyki

Ogólne statystyki
  • Ten quiz został rozwiązany 34 razy
    3 od ostatniego zresetowania
  • Średni wynik to 64 z 68
Odpowiedzi na mapie
Odpowiedzi zakodowano w zielono-czerwonej skali na mapie do tego quizu, zgodnie z poniższymi procentami.
 
Statystyki odpowiedzi
Województwo Powiat % Poprawnych
Podlaskie Augustowski
100%
Podlaskie Białostocki
100%
Lubelskie Bialski
100%
Podkarpackie Bieszczadzki
100%
Warmińsko-mazurskie Braniewski
100%
Lubelskie Chełmski
100%
Śląskie Cieszyński
100%
Pomorskie Gdańsk
100%
Pomorskie Gdynia
100%
Opolskie Głubczycki
100%
Warmińsko-mazurskie Gołdapski
100%
Małopolskie Gorlicki
100%
Lubuskie Gorzowski
100%
Zachodniopomorskie Gryficki
100%
Zachodniopomorskie Gryfiński
100%
Podlaskie Hajnowski
100%
Lubelskie Hrubieszowski
100%
Podkarpackie Jarosławski
100%
Podkarpackie Jasielski
100%
Śląskie Jastrzębie Zdrój
100%
Dolnośląskie Jelenia Góra
100%
Zachodniopomorskie Kamieński
100%
Dolnośląskie Karkonoski
100%
Dolnośląskie Kłodzki
100%
Zachodniopomorskie Kolobrzeski
100%
Zachodniopomorskie Koszaliński
100%
Lubuskie Krośnieński
100%
Podkarpackie Krośnieński
100%
Pomorskie Lęborski
100%
Podkarpackie Leski
100%
Dolnośląskie Lwówecki
100%
Zachodniopomorskie Myśliborski
100%
Pomorskie Nowodworski
100%
Małopolskie Nowosądecki
100%
Małopolskie Nowotarski
100%
Opolskie Nyski
100%
Zachodniopomorskie Policki
100%
Opolskie Prudnicki
100%
Podkarpackie Przemyski
100%
Pomorskie Pucki
100%
Śląskie Raciborski
100%
Podkarpackie Sanocki
100%
Podlaskie Sejneński
100%
Podlaskie Siemiatycki
100%
Lubuskie Słubicki
100%
Pomorskie Słupski
100%
Podlaskie Sokólski
100%
Pomorskie Sopot
100%
Małopolskie Suski
100%
Podlaskie Suwalski
100%
Zachodniopomorskie Świnoujście
100%
Małopolskie Tatrzański
100%
Lubelskie Tomaszowski
100%
Dolnośląskie Wałbrzyski
100%
Pomorskie Wejherowski
100%
Lubuskie Żarski
100%
Dolnośląskie Zgorzelecki
100%
Śląskie Żywiecki
100%
Warmińsko-mazurskie Bartoszycki
67%
Warmińsko-mazurskie Kętrzyński
67%
Podkarpackie Lubaczowski
67%
Dolnośląskie Lubański
67%
Zachodniopomorskie Sławieński
67%
Warmińsko-mazurskie Węgorzewski
67%
Lubelskie Włodawski
67%
Śląskie Wodzisławski
67%
Dolnośląskie Ząbkowicki
67%
Dolnośląskie Kamiennogórski
33%
Nie znaleziono quizów pasujących do podanych kryteriów
Rozkład punktacji
Procent ludzi z każdym wynikiem
Percentyl według liczby udzielonych odpowiedzi
Twoja historia wyników
Nie rozwiązałeś tego quizu od ostatniego zresetowania